000
00258nam a2200097Ia 4500
001
722523
005
20250826163313.0
008
250824s9999 xx 000 0 und d
245
0
_a
SAYILARIN EFENDİLERİ
_c
DUYGU KAÇARANOĞLU
260
_b
GENÇ TİMAŞ YAYINLARI
999
_c
722523
_d
722523